Générique La Petite Sirène - Paroles - Statistiques

Statistiques générales
  • Ce quiz a été pris 8 fois
  • Le résultat moyen est 5 sur 10
Statistiques - réponses
Paroles % Correct
Où se déchainent Sébastien, {Polochon}
100%
Elle se démène et file entre deux {eaux}
88%
D'avoir sous la mer, des {amis} pareils
50%
Petite sirène amoureuse de l'{action}
50%
Au milieu des {coraux}
38%
Des plans les plus {bizarre}
38%
C'est génial, c'est une {merveille}
25%
Petite sirène, il faut se {débrouiller}
25%
Qu'on se souvienne et la voilà {sauvée}
25%
Quoi qu'il advienne aidée par le {homard}
13%
Aucun quiz correspondant
Distribution des résultats
% des personnes avec chaque résultat
Percentile par nombre de réponses
Votre historique - résultats
Vous n’avez pas pris ce quiz